| 000 | 01221nam a22002537a 4500 | ||
|---|---|---|---|
| 005 | 20080820144232.0 | ||
| 008 | 080820t xxu||||| |||| 00| p hin d | ||
| 010 | _aHIN-84005 | ||
| 020 |
_c50.00 _a8183140270 |
||
| 035 | _aHN-56351 | ||
| 037 | _aDBAD / PUB | ||
| 040 |
_aDPL _bHN |
||
| 082 | _a841 | ||
| 245 |
_aइश्क़िया शायरी / _bनजमा ख़ातून द्वारा संपादित एवं अनुदित |
||
| 246 |
_aIshqiyaa shaayari _bedited and translated by Najama Khatun |
||
| 260 |
_aनई दिल्ली _bमकतबा अल हसनात _c2005 |
||
| 270 |
_a2241- कूचा चेलान, दरियागंज _bनई दिल्ली _e110002 _k23271845, 51563256 _l23252190 _mm_alhasanat@rediffmail.com |
||
| 300 |
_a112पृ _c22सेमी (अजिल्द) |
||
| 650 | _aउर्दू कविता | ||
| 650 | _aUrdu poetry | ||
| 700 | _aनजमा ख़ातून | ||
| 942 |
_2ddc _cHN _k841 _mइश्क़िया |
||
| 999 |
_c14946 _d14946 |
||